Les personnages de l'univers de Mario - Statistiques

Statistiques générales
  • Ce quiz a été pris 1 052 fois
  • Le résultat moyen est 11 sur 12
Statistiques - réponses
Par images Réponse % Correct
Mario
100%
Luigi
98%
Peach
98%
Toad
97%
Wario
96%
Bowser
95%
Donkey Kong
91%
Waluigi
91%
Daisy
90%
Boo
87%
Harmony
80%
Diddy Kong
70%
Aucun quiz correspondant
Distribution des résultats
% des personnes avec chaque résultat
Percentile par nombre de réponses
Votre historique - résultats
Vous n’avez pas pris ce quiz